Normal view MARC view
  • Industrial revplution

Entry Topical Term

Number of records used in: 1

001 - CONTROL NUMBER

  • control field: 108065

003 - CONTROL NUMBER IDENTIFIER

  • control field: NUST

005 - DATE AND TIME OF LATEST TRANSACTION

  • control field: 20230130133213.0

008 - FIXED-LENGTH DATA ELEMENTS

  • fixed length control field: 230130|| aca||aabn | a|a d

040 ## - CATALOGING SOURCE

  • Original cataloging agency: NUST
  • Transcribing agency: NUST

150 ## - HEADING--TOPICAL TERM

  • Topical term or geographic name entry element: Industrial revplution

670 ## - SOURCE DATA FOUND

  • Source citation: Work cat.: (NUST)186240: The Secrets of Other Peoples Jobs /
© 2023 Central Library, National University of Sciences and Technology. All Rights Reserved.